Capturing planning gain (Record no. 114570)

MARC details
000 -LEADER
fixed length control field 01139cad a22002175a 4500
001 - CONTROL NUMBER
control field L157068
008 - FIXED-LENGTH DATA ELEMENTS--GENERAL INFORMATION
fixed length control field 120829s2012 xxk f 000 0 eng d
020 ## - INTERNATIONAL STANDARD BOOK NUMBER
International Standard Book Number 9781842198056
035 ## - SYSTEM CONTROL NUMBER
System control number (Sirsi) u157068
041 0# - LANGUAGE CODE
Language code of text/sound track or separate title eng
100 1# - MAIN ENTRY--PERSONAL NAME
Personal name Monk, Sarah
245 00 - TITLE STATEMENT
Title Capturing planning gain
Remainder of title the transition from section 106 to the community infrastructure levy
Medium [electronic resource]
260 ## - PUBLICATION, DISTRIBUTION, ETC.
Place of publication, distribution, etc. London
Name of publisher, distributor, etc. RICS
Date of publication, distribution, etc. 2012
490 #0 - SERIES STATEMENT
Series statement RICS Research
520 ## - SUMMARY, ETC.
Summary, etc. Looks at the change from the imposition of planning obligations under the Town and Country Planning Act 1990 S106, to the new Community Infrastructure Levy which came into force in April 2010. The Levy allows local authorities in England and Wales to raise funds from developers undertaking new building projects in their area, and to use the money to fund a wide range of infrastructure that is needed as a result of development.
651 #4 - SUBJECT ADDED ENTRY--GEOGRAPHIC NAME
Geographic name England and Wales
Chronological subdivision 1543-
690 ## - LOCAL SUBJECT ADDED ENTRY--TOPICAL TERM (OCLC, RLIN)
Topical term or geographic name as entry element Planning and development
9 (RLIN) 6259
700 1# - ADDED ENTRY--PERSONAL NAME
Personal name Burgess, Gemma
856 40 - ELECTRONIC LOCATION AND ACCESS
Uniform Resource Identifier <a href="https://www.rics.org/Global/S106_CIL_190612_dwl_aj.pdf">https://www.rics.org/Global/S106_CIL_190612_dwl_aj.pdf</a>
Public note View the item free of charge at www.rics.org
942 ## - ADDED ENTRY ELEMENTS (KOHA)
Suppress in OPAC 0
Holdings
Withdrawn status Lost status Source of classification or shelving scheme Damaged status Not for loan Home library Current library Shelving location Date acquired Total Checkouts Full call number Barcode Date last seen Copy number Price effective from Koha item type
    Dewey Decimal Classification     London London Online 29/08/2012   ONLINE PUBLICATION 157068-1001 06/08/2019 1 06/08/2019 Book